000 00746nam a2200133Ia 4500
008 220615s9999||||xx |||||||||||||| ||und||
100 _aLey, Astrid||Rahman, Md Ashiq Ur||Fokdal, Josefine
245 0 _aHousing and Human Settlements in a World of Change
546 _aEnglish[eng]
650 _aHousing||Migration||Neo-liberal Paradigm||Climate Change||Globalization||City||Space||Urban Studies||Urban Planning||Social Geography||Sociology
700 _aLey, Astrid||Rahman, Md Ashiq Ur||Fokdal, Josefine
856 _uhttps://library.oapen.org/bitstream/20.500.12657/47124/1/ts4942_1.pdf||https://library.oapen.org/bitstream/20.500.12657/47124/4/ts4942_1.pdf||https://library.oapen.org/bitstream/20.500.12657/47124/4/ts4942_1.pdf
942 _cEB
999 _c12129
_d12129